000 00258nam a22001217a 4500
082 _a494
_bKIS/N
100 _aKISHORE, B. R
245 _aNIBHANDH RACHANA
260 _aDELHI
_bHINDUSTAN OFF SET PRESS
300 _a152
650 _aESSAY
_zINDIA
942 _cBK
999 _c4432
_d4432